Applications les plus téléchargées - Statistiques

Statistiques générales
  • Ce quiz a été pris 2 516 fois
  • Le résultat moyen est 5 sur 10
Statistiques - réponses
Téléchargements Réponse % Correct
49 M Instagram
97%
49 M TikTok
94%
24 M Snapchat
92%
39 M Facebook
83%
34 M WhatsApp
60%
27 M Telegram
24%
25 M CapCut
14%
19 M ChatGPT
11%
27 M Temu
9%
21 M Whatsapp Business
1%
Aucun quiz correspondant
Distribution des résultats
% des personnes avec chaque résultat
Percentile par nombre de réponses
Votre historique - résultats
Vous n’avez pas pris ce quiz